Padres de la Patria (Record no. 7652)

MARC details
000 -LEADER
campo de control de longitud fija 00362nam a2200145Ia 4500
001 - NÚMERO DE CONTROL
campo de control 2497
008 - DATOS DE LONGITUD FIJA--INFORMACIÓN GENERAL
campo de control de longitud fija 241024s9999 xx 000 0 und d
020 ## - NÚMERO INTERNACIONAL ESTÁNDAR DEL LIBRO
Número Internacional Estándar del Libro 978-9945-020-38-0
082 ## - NÚMERO DE LA CLASIFICACIÓN DECIMAL DEWEY
Número de clasificación RD/923.27293/C343p
100 ## - ENTRADA PRINCIPAL--NOMBRE DE PERSONA
Nombre de persona Roberto Cassá
245 #0 - MENCIÓN DEL TÍTULO
Título Padres de la Patria
260 ## - PUBLICACIÓN, DISTRIBUCIÓN, ETC.
Nombre del editor, distribuidor, etc. Editora Alfa & Omega
Fecha de publicación, distribución, etc. 2008
901 ## - ELEMENTOS DE DATOS A LOCAL LDA (RLIN)
a 19/9/2012 2:50:59 p.m.

No items available.

© 2024. Todos los Derechos Reservados. Desarrollado por IDEICE